<?xml version="1.0" encoding="UTF-8"?><?xml-stylesheet type="text/xsl" href="static/style.xsl"?><OAI-PMH xmlns="http://www.openarchives.org/OAI/2.0/" xmlns:xsi="http://www.w3.org/2001/XMLSchema-instance" xsi:schemaLocation="http://www.openarchives.org/OAI/2.0/ http://www.openarchives.org/OAI/2.0/OAI-PMH.xsd"><responseDate>2026-04-14T02:50:21Z</responseDate><request verb="GetRecord" identifier="oai:www.recercat.cat:20.500.14342/6036" metadataPrefix="marc">https://recercat.cat/oai/request</request><GetRecord><record><header><identifier>oai:recercat.cat:20.500.14342/6036</identifier><datestamp>2026-03-11T08:40:56Z</datestamp><setSpec>com_2072_482405</setSpec><setSpec>com_2072_183628</setSpec><setSpec>col_2072_482411</setSpec></header><metadata><record xmlns="http://www.loc.gov/MARC21/slim" xmlns:dcterms="http://purl.org/dc/terms/" xmlns:xsi="http://www.w3.org/2001/XMLSchema-instance" xmlns:doc="http://www.lyncode.com/xoai" xsi:schemaLocation="http://www.loc.gov/MARC21/slim http://www.loc.gov/standards/marcxml/schema/MARC21slim.xsd">
   <leader>00925njm 22002777a 4500</leader>
   <datafield ind2=" " ind1=" " tag="042">
      <subfield code="a">dc</subfield>
   </datafield>
   <datafield ind2=" " ind1=" " tag="720">
      <subfield code="a">García-Raga, Laura</subfield>
      <subfield code="e">author</subfield>
   </datafield>
   <datafield ind2=" " ind1=" " tag="720">
      <subfield code="a">Ribalta Alcalde, Maria Dolors</subfield>
      <subfield code="e">author</subfield>
   </datafield>
   <datafield ind2=" " ind1=" " tag="720">
      <subfield code="a">Boqué Torremorell, Maria Carme</subfield>
      <subfield code="e">author</subfield>
   </datafield>
   <datafield ind2=" " ind1=" " tag="720">
      <subfield code="a">Alguacil de Nicolás, Montserrat</subfield>
      <subfield code="e">author</subfield>
   </datafield>
   <datafield ind2=" " ind1=" " tag="260">
      <subfield code="c">2025-12</subfield>
   </datafield>
   <datafield ind2=" " ind1=" " tag="520">
      <subfield code="a">This study aims to identify how families understand and manage conflict and bullying, as their perspectives on these issues directly influence school coexistence and the construction of a more peaceful society. We examine the views of 1,480 fathers, mothers, and legal guardians with children in compulsory education (6 to 16 years old) in Catalonia. The research is quantitative, with a post-hoc approach, and complemented by qualitative elements. We processed the data using SPSS and conducted descriptive and correlational analyses to identify trends, patterns, and relationships among the studied variables. Non-parametric tests (Mann–Whitney U and Kruskal–Wallis) were used. Families tend to endorse compromise and negotiation (M=3.04), flexibility and partial yielding (M=3.01), and talking (M=2.62). They reject “letting time pass” (M=2.39). No significant differences in conflict-management items were found by sex. By age, differences emerged for encouraging force (item 37, p = .031) and setting rules (item 41, p = .014), with higher means among those &lt;30. Several items differed by educational level: item 36 (p = .001); items 37, 40, and 41 (p &lt; .001); item 42 (p = .008); and item 43 (p &lt; .001). Approximately one-third of families consider bullying victims to be weak or to have difficulty interacting with others. Specifically, 26.7% reported direct experience with bullying at home, and men scored higher on the statement “it’s just jokes” (item 44, p&lt;.001). Education level was associated with victim-blaming (item 45, p &lt; .001) and the belief that “my child would tell me” (item 46, p &lt; .001; overall M = 2.86). This recent population snapshot is novel because it links family conflict management styles with bullying beliefs disaggregated by sex, age, and education. Practical implications prioritise parent training, school–family protocols, and campaigns that de-normalise “just jokes,” with a focus on younger families and lower educational levels.</subfield>
   </datafield>
   <datafield ind1="8" ind2=" " tag="024">
      <subfield code="a">https://hdl.handle.net/20.500.14342/6036</subfield>
   </datafield>
   <datafield ind1="8" ind2=" " tag="024">
      <subfield code="a">https://doi.org/10.57125/FED.2025.12.06</subfield>
   </datafield>
   <datafield tag="653" ind2=" " ind1=" ">
      <subfield code="a">Assetjament escolar</subfield>
   </datafield>
   <datafield tag="653" ind2=" " ind1=" ">
      <subfield code="a">Gestió de conflictes</subfield>
   </datafield>
   <datafield tag="653" ind2=" " ind1=" ">
      <subfield code="a">Convivència escolar</subfield>
   </datafield>
   <datafield ind2="0" ind1="0" tag="245">
      <subfield code="a">Conflict Management and Bullying at School: What do Families Have to Say About it?</subfield>
   </datafield>
</record></metadata></record></GetRecord></OAI-PMH>